[Event "SVK-chT1E 0910"]
[Site "Slovakia"]
[Date "2009.11.14"]
[Round "3.5"]
[White "Mrvova, Alena"]
[Black "Prielozny, Stanislav"]
[Result "1-0"]
[WhiteElo "2201"]
[BlackElo "2160"]
[PlyCount "119"]
[EventDate "2009.10.17"]
[EventType "team"]
[EventRounds "11"]
[EventCountry "SVK"]
[SourceTitle "EXT 2011"]
[Source "ChessBase"]
[SourceDate "2010.11.26"]
[SourceVersion "1"]
[SourceVersionDate "2010.11.26"]
[SourceQuality "1"]
[WhiteTeam "Bardejov BSK"]
[BlackTeam "Rajecke Teplice"]
[WhiteTeamCountry "SVK"]
[BlackTeamCountry "SVK"]

1. e4 c6 2. d4 d5 3. Nc3 dxe4 4. Nxe4 Nd7 5. Nf3 Ngf6 6. Bd3 Nxe4 7. Bxe4 Nf6 8. Bd3 Bg4 9. c3 e6 10. h3 Bxf3 11. gxf3 Qc7 12. Bd2 0-0-0 13. Qa4 Kb8 14. 0-0-0 Nd5 15. Kb1 Nb6 16. Qc2 c5 17. dxc5 Bxc5 18. Rhg1 f5 19. Bc1 Nd5 20. Bg5 Rd6 21. Bb5 h6 22. Bc1 g5 23. Ba4 Rhd8 24. Bb3 a6 25. h4 gxh4 26. Bxh6 h3 27. Rh1 Qh7 28. Bg5 R8d7 29. Qe2 Ka7 30. f4 b5 31. Bxd5 exd5 32. Qf3 h2 33. Qg2 Qh5 34. Qxh2 Qe2 35. Rhe1 Qc4 36. Qg3 d4 37. cxd4 Rxd4 38. Rc1 Qb4 39. Bf6 Rd3 40. Bc3 Rxg3 41. Bxb4 Bxf2 42. Re5 Kb7 43. Rxf5 Be3 44. Rf1 Rg2 45. Bc3 Rh7 46. Be5 b4 47. Rf8 Re2 48. Rb8+ Kc6 49. Rxb4 a5 50. Rb3 Rhh2 51. a4 Bd2 52. Rd3 Kc5 53. Rd8 Kb4 54. Rb8+ Kc4 55. Ka2 Kd5 56. Rb5+ Kc4 57. Rf3 Be3 58. Rxa5 Bd4 59. Bxd4 Kxd4 60. Rb5 1-0

[Event "SVK-chT1E 0809"]
[Site "Slovakia"]
[Date "2009.03.07"]
[Round "10.3"]
[White "Micek, Jaroslav"]
[Black "Prielozny, Stanislav"]
[Result "1/2-1/2"]
[WhiteElo "2022"]
[BlackElo "2169"]
[PlyCount "109"]
[EventDate "2008.10.18"]
[EventType "team-tourn"]
[EventRounds "11"]
[EventCountry "SVK"]
[SourceTitle "EXT 2010"]
[Source "ChessBase"]
[SourceDate "2010.11.25"]
[SourceVersion "1"]
[SourceVersionDate "2010.11.25"]
[SourceQuality "1"]
[WhiteTeam "Margecany OSK"]
[BlackTeam "Rajecke Teplice"]
[WhiteTeamCountry "SVK"]
[BlackTeamCountry "SVK"]

1. d4 d5 2. Nf3 Nf6 3. Bg5 Ne4 4. Bf4 c6 5. Nbd2 Nxd2 6. Qxd2 Bf5 7. e3 e6 8. Be2 Nd7 9. 0-0 h6 10. Ne5 Nf6 11. c4 g5 12. Bg3 Ne4 13. Qd1 Bd6 14. Bh5 0-0 15. f4 Bxe5 16. fxe5 dxc4 17. Be1 a5 18. Bf3 b5 19. g4 Bg6 20. Kg2 Kg7 21. h4 Rh8 22. Qe2 Rb8 23. Kh3 Rb7 24. Qg2 Qd5 25. h5 Bh7 26. Bxa5 b4 27. a3 bxa3 28. Rxa3 Rhb8 29. Bc3 Nxc3 30. Bxd5 Nxd5 31. Rf2 Bd3 32. Qf3 Rc7 33. Kg3 Rf8 34. b3 c3 35. e4 Nf4 36. b4 c2 37. Rc3 Rb7 38. d5 cxd5 39. exd5 exd5 40. Rcxc2 Bxc2 41. Rxc2 Rxb4 42. Qc3 Re4 43. Qb2 d4 44. Qb5 Re3+ 45. Kh2 Rh3+ 46. Kg1 Ra8 47. Qc6 Ra1+ 48. Kf2 Rh2+ 49. Kf3 Ra3+ 50. Ke4 Rxc2 51. Qxc2 Ne6 52. Qf2 Re3+ 53. Kd5 Nf4+ 54. Kxd4 Rg3 55. Ke4 1/2-1/2

[Event "SVK-chT1E 0809"]
[Site "Slovakia"]
[Date "2008.12.14"]
[Round "6.4"]
[White "Egyed, Andras"]
[Black "Prielozny, Stanislav"]
[Result "1-0"]
[WhiteElo "2282"]
[BlackElo "2169"]
[PlyCount "167"]
[EventDate "2008.10.18"]
[EventType "team-tourn"]
[EventRounds "11"]
[EventCountry "SVK"]
[SourceTitle "EXT 2010"]
[Source "ChessBase"]
[SourceDate "2010.11.25"]
[SourceVersion "1"]
[SourceVersionDate "2010.11.25"]
[SourceQuality "1"]
[WhiteTeam "Filakovo"]
[BlackTeam "Rajecke Teplice"]
[WhiteTeamCountry "SVK"]
[BlackTeamCountry "SVK"]

1. Nf3 Nf6 2. b3 c6 3. Bb2 d5 4. e3 Bf5 5. Be2 e6 6. Nh4 Bg6 7. d3 Qb6 8. Nd2 Be7 9. Nxg6 hxg6 10. c4 Nbd7 11. cxd5 exd5 12. Qc2 a5 13. a3 Bc5 14. Nf3 Qc7 15. h3 Qd6 16. d4 Bb6 17. Bd3 Qe7 18. a4 Bc7 19. Ba3 Bd6 20. Bxd6 Qxd6 21. 0-0 0-0 22. Rfc1 Rfe8 23. Ng5 Nf8 24. Qc5 Qe7 25. b4 axb4 26. Qxe7 Rxe7 27. Rcb1 Ne4 28. Nxe4 dxe4 29. Bc2 Nd7 30. Rxb4 Nf6 31. Bb3 Ra5 32. Rb1 Kf8 33. g4 g5 34. Bc4 Ra7 35. a5 Rd7 36. Rb6 Nd5 37. Bxd5 Rxd5 38. Rxb7 Rdxa5 39. Kg2 g6 40. Rb8+ Ke7 41. Rc8 Kd6 42. Rc1 Rc7 43. Re8 c5 44. dxc5+ Rcxc5 45. Rxc5 Rxc5 46. Rxe4 Rc8 47. Kg3 Rc1 48. Re8 Rg1+ 49. Kh2 Re1 50. Kg2 Ra1 51. f4 gxf4 52. exf4 Ra3 53. Re1 Rb3 54. h4 Ra3 55. h5 gxh5 56. gxh5 Ra5 57. h6 Ra8 58. Kg3 Rh8 59. Rh1 Ke6 60. Rh5 Kf6 61. f5 Ra8 62. Kf4 Re8 63. Kf3 Rh8 64. Ke4 Rd8 65. Ke3 Rh8 66. Kd4 Rh7 67. Ke4 Ke7 68. Kd5 Kd7 69. f6 Kc7 70. Rh1 Kd7 71. Rh2 Kc7 72. Ke5 Kd7 73. Rh1 Kc7 74. Kf5 Kd7 75. Kg5 Kd8 76. Rd1+ Kc7 77. Ra1 Kd7 78. Ra8 Ke6 79. Re8+ Kd6 80. Rg8 Ke6 81. Rg7 Rxh6 82. Kxh6 Kxf6 83. Rg5 Ke6 84. Ra5 1-0

[Event "SVK-chT1E 0809"]
[Site "Slovakia"]
[Date "2008.12.13"]
[Round "5.4"]
[White "Prielozny, Stanislav"]
[Black "Svana, Peter"]
[Result "1/2-1/2"]
[WhiteElo "2169"]
[BlackElo "2186"]
[PlyCount "87"]
[EventDate "2008.10.18"]
[EventType "team-tourn"]
[EventRounds "11"]
[EventCountry "SVK"]
[SourceTitle "EXT 2010"]
[Source "ChessBase"]
[SourceDate "2010.11.25"]
[SourceVersion "1"]
[SourceVersionDate "2010.11.25"]
[SourceQuality "1"]
[WhiteTeam "Rajecke Teplice"]
[BlackTeam "Zilina Mladost"]
[WhiteTeamCountry "SVK"]
[BlackTeamCountry "SVK"]

1. d4 Nf6 2. Nf3 g6 3. g3 Bg7 4. Bg2 0-0 5. c4 c5 6. 0-0 Nc6 7. d5 Na5 8. Nfd2 d6 9. Qc2 Bd7 10. Nc3 a6 11. b3 b5 12. Bb2 Rb8 13. Rab1 bxc4 14. bxc4 Bh6 15. f4 Ng4 16. Qd3 Bg7 17. Nd1 Rxb2 18. Rxb2 Bd4+ 19. Kh1 Bxb2 20. Nxb2 Qb6 21. Nd1 Qb4 22. h3 Nh6 23. e4 Rb8 24. g4 f6 25. Ne3 Qa4 26. e5 Qxa2 27. exf6 exf6 28. Ne4 Rb3 29. Nxf6+ Kf7 30. Qe4 Kxf6 31. g5+ Kf7 32. f5 Nxf5 33. Nxf5 gxf5 34. Qh4 Qb2 35. g6+ hxg6 36. Qd8 Rb7 37. Re1 Qf6 38. Qxa5 f4 39. Qxa6 Bc8 40. Qc6 Re7 41. Rxe7+ Qxe7 42. Qxc8 Qe1+ 43. Kh2 Qg3+ 44. Kg1 1/2-1/2

[Event "SVK-chT1E 0809"]
[Site "Slovakia"]
[Date "2008.10.19"]
[Round "2.5"]
[White "Prielozny, Stanislav"]
[Black "Lembak, Jurij"]
[Result "0-1"]
[WhiteElo "2169"]
[BlackElo "2249"]
[PlyCount "79"]
[EventDate "2008.10.18"]
[EventType "team-tourn"]
[EventRounds "11"]
[EventCountry "SVK"]
[SourceTitle "EXT 2010"]
[Source "ChessBase"]
[SourceDate "2010.11.25"]
[SourceVersion "1"]
[SourceVersionDate "2010.11.25"]
[SourceQuality "1"]
[WhiteTeam "Rajecke Teplice"]
[BlackTeam "Kosice Slavia UPJS II"]
[WhiteTeamCountry "SVK"]
[BlackTeamCountry "SVK"]

1. c3 e5 2. d4 e4 3. Bf4 d5 4. e3 Nf6 5. Qb3 Be7 6. c4 0-0 7. Nc3 c6 8. Rc1 dxc4 9. Bxc4 b5 10. Be2 a6 11. Bg5 Re8 12. a3 Bf5 13. Qd1 Nbd7 14. g4 Be6 15. h4 Qa5 16. Nh3 b4 17. axb4 Qxb4 18. Nf4 Qxb2 19. Nxe6 fxe6 20. 0-0 Kh8 21. Bxf6 Nxf6 22. g5 Nd5 23. Nxe4 e5 24. Rb1 Qa3 25. Ra1 Qb4 26. Ra4 Qb8 27. Rxa6 Rxa6 28. Bxa6 Rd8 29. Qb1 Nb4 30. Be2 exd4 31. exd4 Qf4 32. Ng3 Qxh4 33. g6 Bd6 34. Qb3 Nd5 35. gxh7 Re8 36. Bd1 Ne3 37. Qf7 Rf8 38. Qh5 Qxh5 39. Nxh5 Nxf1 40. Kxf1 0-1

[Event "SVK-chT1E 0708"]
[Site "Slovakia"]
[Date "2008.03.23"]
[Round "11.5"]
[White "Juhar, Roman"]
[Black "Prielozny, Stanislav"]
[Result "1/2-1/2"]
[WhiteElo "2168"]
[BlackElo "2173"]
[PlyCount "163"]
[EventDate "2007.10.13"]
[EventType "team-swiss"]
[EventRounds "11"]
[EventCountry "SVK"]
[SourceTitle "EXT 2009"]
[Source "ChessBase"]
[SourceDate "2008.11.26"]
[SourceVersion "1"]
[SourceVersionDate "2008.11.26"]
[SourceQuality "1"]
[WhiteTeam "Kosice Slavia UPJS III"]
[BlackTeam "Rajecke Teplice"]
[WhiteTeamCountry "SVK"]
[BlackTeamCountry "SVK"]

1. e4 c6 2. c3 d5 3. d3 dxe4 4. dxe4 Qxd1+ 5. Kxd1 e5 6. Be3 Be6 7. Nd2 Nd7 8. Nb3 Ngf6 9. f3 a5 10. Kc2 a4 11. Nd2 b5 12. g3 Bc5 13. Bxc5 Nxc5 14. Bh3 Ke7 15. Bxe6 fxe6 16. Nh3 Rhd8 17. Nf2 Nfd7 18. Rhe1 Rf8 19. Re3 g5 20. Rh1 h5 21. h3 Rf6 22. Rh2 Rg8 23. b4 axb3+ 24. axb3 Ra8 25. Kb2 Rg8 26. b4 Na4+ 27. Kb3 Nab6 28. Rh1 Ra8 29. h4 g4 30. Nd3 gxf3 31. Rf1 Raf8 32. Rf2 Kd6 33. Ne1 c5 34. Rfxf3 Rxf3 35. Nexf3 c4+ 36. Kc2 Ra8 37. Ng5 Ra1 38. g4 hxg4 39. h5 g3 40. Kb2 Rh1 41. h6 Ke7 42. h7 Nf6 43. Rxg3 Nxh7 44. Ngf3 Kd6 45. Rg7 Nf6 46. Rg6 Nh5 47. Ng5 Nf4 48. Rg7 Nd7 49. Ndf3 Rf1 50. Nf7+ Kc6 51. Nd8+ Kd6 52. Nb7+ Kc6 53. Na5+ Kd6 54. Ng5 Rf2+ 55. Kb1 Rf1+ 56. Ka2 Rf2+ 57. Ka3 Nd3 58. Nb7+ Kc6 59. Na5+ Kb6 60. Nxc4+ bxc4 61. Rxd7 Nc1 62. b5 Ra2+ 63. Kb4 Rb2+ 64. Kxc4 Rxb5 65. Rd6+ Kc7 66. Ra6 Rb6 67. Nxe6+ Kb7 68. Nc5+ Kc6 69. Rxb6+ Kxb6 70. Nd7+ Kc6 71. Nxe5+ Kd6 72. Nd3 Ne2 73. Kb4 Ng3 74. e5+ Kd5 75. c4+ Kd4 76. e6 Nf5 77. Kb5 Kxd3 78. Kc5 Ke4 79. Kc6 Nd4+ 80. Kd7 Nxe6 81. Kxe6 Kd4 82. c5 1/2-1/2

[Event "SVK-chT1E 0708"]
[Site "Slovakia"]
[Date "2008.01.13"]
[Round "7.5"]
[White "Prielozny, Stanislav"]
[Black "Sokol, Milan"]
[Result "1-0"]
[WhiteElo "2173"]
[BlackElo "2124"]
[PlyCount "53"]
[EventDate "2007.10.13"]
[EventType "team-swiss"]
[EventRounds "11"]
[EventCountry "SVK"]
[SourceTitle "EXT 2009"]
[Source "ChessBase"]
[SourceDate "2008.11.26"]
[SourceVersion "1"]
[SourceVersionDate "2008.11.26"]
[SourceQuality "1"]
[WhiteTeam "Rajecke Teplice"]
[BlackTeam "Zilina Mladost"]
[WhiteTeamCountry "SVK"]
[BlackTeamCountry "SVK"]

1. d4 d5 2. Nf3 Nf6 3. c4 c6 4. Nc3 e6 5. e3 Nbd7 6. Bd3 Bd6 7. 0-0 0-0 8. e4 dxe4 9. Nxe4 Nxe4 10. Bxe4 Nf6 11. Bc2 c5 12. Bg5 b6 13. Qd3 g6 14. dxc5 bxc5 15. Rad1 Be7 16. Qc3 Bd7 17. Ne5 Qe8 18. Bh6 Rd8 19. Bxf8 Bxf8 20. Nxg6 hxg6 21. Qxf6 Bg7 22. Qh4 Bxb2 23. Rb1 Bd4 24. Rb7 Bc6 25. Rxa7 e5 26. Qf6 Rb8 27. Bxg6 1-0

[Event "SVK-chT1E 0708"]
[Site "Slovakia"]
[Date "2007.10.14"]
[Round "2.5"]
[White "Prielozny, Stanislav"]
[Black "Kovac, Lubomir"]
[Result "0-1"]
[WhiteElo "2173"]
[BlackElo "2194"]
[PlyCount "152"]
[EventDate "2007.10.13"]
[EventType "team-swiss"]
[EventRounds "11"]
[EventCountry "SVK"]
[SourceTitle "EXT 2009"]
[Source "ChessBase"]
[SourceDate "2008.11.26"]
[SourceVersion "1"]
[SourceVersionDate "2008.11.26"]
[SourceQuality "1"]
[WhiteTeam "Rajecke Teplice"]
[BlackTeam "Presov Tatran"]
[WhiteTeamCountry "SVK"]
[BlackTeamCountry "SVK"]

1. d4 Nf6 2. Nf3 g6 3. c4 Bg7 4. Nc3 0-0 5. Bg5 d6 6. e3 Bf5 7. Be2 c5 8. 0-0 Nc6 9. a3 Ne4 10. Nxe4 Bxe4 11. Nd2 Bf5 12. d5 Nb8 13. e4 Bd7 14. Qb3 h6 15. Bh4 Qc7 16. Qc2 Re8 17. f4 Qa5 18. Rab1 Na6 19. Nf3 b5 20. e5 Bf5 21. Bd3 Bxd3 22. Qxd3 bxc4 23. Qxc4 Nc7 24. Bxe7 Rxe7 25. exd6 Re3 26. dxc7 Qxc7 27. b4 Rxa3 28. bxc5 Rc3 29. d6 Qc6 30. Qb5 Rxc5 31. Qxc6 Rxc6 32. Rfd1 Rd8 33. Rb7 a6 34. d7 Kf8 35. Ra7 Bc3 36. Kf1 Bf6 37. Ne5 Re6 38. Rd5 Bxe5 39. fxe5 Ke7 40. g3 Rc6 41. h4 Ke6 42. Rd3 Kxe5 43. Re3+ Kd6 44. h5 g5 45. Kf2 a5 46. g4 Rb6 47. Kg3 a4 48. Rxa4 Rxd7 49. Rd4+ Kc7 50. Rxd7+ Kxd7 51. Ra3 Ke6 52. Re3+ Kf6 53. Rf3+ Kg7 54. Ra3 f5 55. gxf5 Kf6 56. Ra5 Rb3+ 57. Kg4 Rb4+ 58. Kg3 Re4 59. Ra6+ Kxf5 60. Rxh6 Re3+ 61. Kf2 Rh3 62. Rh8 Kg4 63. h6 Rh2+ 64. Ke3 Kg3 65. h7 g4 66. Ke4 Rh5 67. Ke3 Re5+ 68. Kd2 Re7 69. Rg8 Rxh7 70. Ke2 Rf7 71. Rg6 Kh3 72. Rh6+ Kg2 73. Re6 g3 74. Re8 Rh7 75. Re6 Kh1 76. Kf3 g2 0-1

[Event "SVK-chT1E 0708"]
[Site "Slovakia"]
[Date "2007.10.13"]
[Round "1.6"]
[White "Demeter, Peter"]
[Black "Prielozny, Stanislav"]
[Result "1-0"]
[WhiteElo "2297"]
[BlackElo "2173"]
[PlyCount "81"]
[EventDate "2007.10.13"]
[EventType "team-swiss"]
[EventRounds "11"]
[EventCountry "SVK"]
[SourceTitle "EXT 2009"]
[Source "ChessBase"]
[SourceDate "2008.11.26"]
[SourceVersion "1"]
[SourceVersionDate "2008.11.26"]
[SourceQuality "1"]
[WhiteTeam "Sabinov"]
[BlackTeam "Rajecke Teplice"]
[WhiteTeamCountry "SVK"]
[BlackTeamCountry "SVK"]

1. c4 c6 2. Nf3 d5 3. cxd5 cxd5 4. g3 Nc6 5. Bg2 Nf6 6. 0-0 Bf5 7. d3 e6 8. Qa4 Nd7 9. Nc3 Be7 10. a3 Nc5 11. Qd1 a5 12. Na4 Nd7 13. Be3 0-0 14. Qb3 Qb8 15. Qb5 Ra6 16. Rac1 Bf6 17. Rc2 h6 18. Nb6 Nxb6 19. Bxb6 Na7 20. Qc5 Rc8 21. Bc7 Qa8 22. Qe3 Rc6 23. Rxc6 Nxc6 24. Be5 Nxe5 25. Nxe5 Rc2 26. g4 Bh7 27. f4 Qc8 28. b4 Qc7 29. Bf3 g5 30. d4 Qc3 31. Qxc3 Rxc3 32. f5 Kg7 33. bxa5 Rxa3 34. Rb1 exf5 35. Rxb7 Bxe5 36. dxe5 Ra1+ 37. Kf2 fxg4 38. Bxd5 Rxa5 39. Rxf7+ Kg6 40. Rd7 Kf5 41. e4+ 1-0

[Event "SVK-chT1E 0607"]
[Site "Slovakia"]
[Date "2007.03.25"]
[Round "11.2"]
[White "Galovic, Stefan"]
[Black "Prielozny, Stanislav"]
[Result "0-1"]
[WhiteElo "2190"]
[BlackElo "2163"]
[PlyCount "62"]
[EventDate "2006.10.07"]
[EventType "team-tourn"]
[EventRounds "11"]
[EventCountry "SVK"]
[SourceTitle "EXT 2008"]
[Source "ChessBase"]
[SourceDate "2007.11.25"]
[SourceVersion "1"]
[SourceVersionDate "2007.11.25"]
[SourceQuality "1"]
[WhiteTeam "Svit SO"]
[BlackTeam "Teplice Slovan Rajecke"]
[WhiteTeamCountry "SVK"]
[BlackTeamCountry "SVK"]

1. d4 c6 2. c4 d5 3. Nf3 Nf6 4. Nc3 e6 5. Bg5 dxc4 6. e4 b5 7. e5 h6 8. Bh4 g5 9. Nxg5 hxg5 10. Bxg5 Nbd7 11. exf6 Qb6 12. g3 Bb7 13. Bg2 c5 14. d5 0-0-0 15. 0-0 b4 16. Na4 Qb5 17. a3 Nb8 18. axb4 cxb4 19. Be3 Bxd5 20. Bxd5 Rxd5 21. Qe2 Nc6 22. Rfc1 Ne5 23. b3 c3 24. Nxc3 bxc3 25. Rxc3+ Kb8 26. Qc2 Bd6 27. Bxa7+ Kb7 28. Be3 Nf3+ 29. Kg2 Rxh2+ 30. Kxf3 Rf5+ 31. Kg4 Rf4+ 0-1

[Event "SVK-chT1E 0506"]
[Site "Slovakia"]
[Date "2006.01.14"]
[Round "7"]
[White "Frink, Ferenc"]
[Black "Prielozny, Stanislav"]
[Result "1-0"]
[WhiteElo "2202"]
[BlackElo "2170"]
[PlyCount "50"]
[EventDate "2005.10.15"]
[EventType "team"]
[EventRounds "11"]
[EventCountry "SVK"]
[SourceTitle "EXT 2009"]
[Source "ChessBase"]
[SourceDate "2008.11.26"]
[SourceVersion "1"]
[SourceVersionDate "2008.11.26"]
[SourceQuality "1"]

1. e4 c6 2. a3 d5 3. e5 Bf5 4. d4 e6 5. Bd3 Bxd3 6. Qxd3 Qa5+ 7. c3 Qa6 8. Qf3 c5 9. Ne2 Nd7 10. 0-0 Ne7 11. Be3 h5 12. Nd2 Nf5 13. Ng3 g6 14. b4 c4 15. Bg5 Qc6 16. a4 a5 17. b5 Qc7 18. Rfe1 Bh6 19. Nxf5 gxf5 20. Qxh5 Bg7 21. Qf3 f6 22. exf6 Rxh2 23. Kf1 Nxf6 24. Bxf6 Bxf6 25. Rxe6+ Kf7 1-0